000 00349nam a2200157Ia 4500
003 Ost
005 20260225132541.0
008 260225s9999||||xx |||||||||||||| ||und||
040 _cfsic
041 _afre
082 _a523.1
100 _aAndré Brischot
_eAuteur
245 0 _aLa Radiostronomie /
245 0 _cAndré Brischot
942 _cكتاب
999 _c33549
_d33549